000 00386 a2200109 4500
001 ART_17455
005 20260410161820.0
008 260409a
245 1 0 _aAspectos procesales de la imputación penal a las personas jurídicas y sus garantías
100 1 _aRobiglio, Carolina L.
773 0 _tDoctrina Penal Tributaria y Económica
_g- Nº 24 (ago. 2012)
_wREV4317
999 _c22282
_d22282